MDQL
is popping MORE tags! Check the
thread
!
Quizzes
Events
Quiz Creation
Community
Videos
Private Events
Remove Ads
Sign In
Join for FREE
Feedback
Dark Mode
Quiz Categories
Sports
Geography
Music
Movies
Television
Just For Fun
Miscellaneous
History
Literature
Language
Science
Gaming
Entertainment
Religion
Holiday
For Kids
Quiz Lab
Recent
Popular Today
Quiz Kudos Today
Editor Picks
Curator Picks
Quizzes by...
Day
Popularity
Type
Ratings
Length
Year
Community
Subscriptions
Recent Discussions
Orange Saloon
Badges
Playlists
Quests
Create
Leaderboards
Showdown
Live 5
Trivia Bingo
Activity
Puzzle Library
Sporcle Events
Private Events
Virtual Trivia
Globe League
Become a Host
Pub Owners
SporcleCon
Opinionation
Our Games
Videos
Blog
Mobile Apps
Partnerships
Remove Ads and Go Orange
Feedback
Sports
Athletes
MLB
NBA
NHL
NFL
Soccer
Sports Teams
WWE
NCAA
Football
Premier League
Basketball
Baseball
Hockey
Golf
Tennis
Cricket
Rugby
Auto Racing
Olympics
World Cup
Sports
Athletes
MLB
NBA
NHL
NFL
Soccer
Sports Teams
WWE
NCAA
Football
Premier League
Basketball
Baseball
Hockey
Golf
Tennis
Cricket
Rugby
Auto Racing
Olympics
World Cup
Random Quiz
Search Sporcle
×
Quiz Lab
Quiz Lab
Sports
City
Type in answers that appear in a list
Type in answers that appear in a list
Classic
Best Score? Go Orange.
Kansas City Royals Position Players 1984-2016 Stats
Can you name the players who played the most games at each position for the Kansas City Royals between 1984-2016?
By
CLCRev
15m
297 Questions
177 Plays
177 Plays
177 Plays
Comments
Comments
Give Quiz Kudos
Give Quiz Kudos
-
- Ratings
hide this ad
More Info
Replay
Link that replays current quiz
Next Quiz
Link to next quiz in quiz playlist
You Got
0%
They Got
Avg Score
67%
Avg Friend Score
Upgrade to see
Score Distribution
Jump to the score distribution portion of the page
Score
0/297
Timer
15:00
0
Plays Today
Position
Player
% Correct
1B
George Brett
98.3%
1B
George Brett
98.3%
1B
George Brett
97.7%
1B
George Brett
97.7%
3B
George Brett
97.7%
3B
George Brett
97.7%
DH
George Brett
97.7%
DH
George Brett
97.7%
DH
George Brett
97.7%
Catcher
Salvador Perez
95.5%
Catcher
Salvador Perez
95.5%
Catcher
Salvador Perez
95.5%
Catcher
Salvador Perez
95.5%
Catcher
Salvador Perez
95.5%
SS
Neifi Perez
95.5%
1B
Eric Hosmer
94.9%
1B
Eric Hosmer
94.9%
1B
Eric Hosmer
94.9%
1B
Eric Hosmer
94.9%
1B
Eric Hosmer
94.9%
1B
Eric Hosmer
94.9%
3B
Alex Gordon
94.9%
3B
Alex Gordon
94.9%
LF
Alex Gordon
94.9%
LF
Alex Gordon
94.9%
LF
Alex Gordon
94.9%
LF
Alex Gordon
94.9%
LF
Alex Gordon
94.9%
LF
Alex Gordon
94.9%
CF
Willie Wilson
91.5%
CF
Willie Wilson
91.5%
CF
Willie Wilson
91.5%
CF
Willie Wilson
91.5%
CF
Willie Wilson
91.5%
CF
Willie Wilson
91.5%
3B
Mike Moustakas
91%
3B
Mike Moustakas
91%
3B
Mike Moustakas
91%
3B
Mike Moustakas
91%
3B
Mike Moustakas
91%
2B
Frank White
90.4%
2B
Frank White
90.4%
Catcher
Mike Sweeney
89.8%
1B
Mike Sweeney
89.8%
1B
Mike Sweeney
89.8%
1B
Mike Sweeney
89.8%
1B
Mike Sweeney
89.8%
2B
Frank White
89.8%
2B
Frank White
89.8%
2B
Frank White
89.8%
2B
Frank White
89.8%
2B
Frank White
89.8%
DH
Mike Sweeney
89.8%
DH
Mike Sweeney
89.8%
DH
Mike Sweeney
89.8%
DH
Mike Sweeney
89.8%
DH
Mike Sweeney
89.8%
DH
Mike Sweeney
89.8%
DH
Mike Sweeney
89.8%
1B
Billy Butler
89.3%
1B
Billy Butler
89.3%
DH
Billy Butler
89.3%
DH
Billy Butler
89.3%
DH
Billy Butler
89.3%
DH
Billy Butler
89.3%
DH
Billy Butler
89.3%
DH
Billy Butler
89.3%
CF
Lorenzo Cain
88.7%
CF
Lorenzo Cain
88.7%
CF
Lorenzo Cain
88.7%
CF
Carlos Beltran
88.1%
CF
Carlos Beltran
88.1%
CF
Carlos Beltran
88.1%
CF
Carlos Beltran
88.1%
CF
Carlos Beltran
88.1%
SS
Alcides Escobar
87.6%
SS
Alcides Escobar
87.6%
SS
Alcides Escobar
87.6%
SS
Alcides Escobar
87.6%
SS
Alcides Escobar
87.6%
SS
Alcides Escobar
87.6%
LF
Johnny Damon
87.6%
CF
Johnny Damon
87.6%
CF
Johnny Damon
87.6%
LF
Bo Jackson
83.6%
LF
Bo Jackson
83.6%
LF
Bo Jackson
83.6%
CF
Bo Jackson
83.6%
1B
Steve Balboni
82.5%
1B
Steve Balboni
82.5%
1B
Steve Balboni
82.5%
DH
Steve Balboni
82.5%
CF
Brian McRae
80.8%
CF
Brian McRae
80.8%
CF
Brian McRae
80.8%
CF
Brian McRae
80.8%
DH
Hal McRae
80.8%
DH
Hal McRae
80.8%
LF
Lonnie Smith
80.2%
Position
Player
% Correct
LF
Lonnie Smith
80.2%
3B
Kevin Seitzer
76.8%
3B
Kevin Seitzer
76.8%
3B
Kevin Seitzer
76.8%
3B
Kevin Seitzer
76.8%
RF
Jermaine Dye
76.8%
RF
Jermaine Dye
76.8%
RF
Jermaine Dye
76.8%
RF
Jermaine Dye
76.8%
RF
Jermaine Dye
76.8%
DH
Kendrys Morales
76.8%
DH
Kendrys Morales
76.8%
RF
Danny Tartabull
76.3%
RF
Danny Tartabull
76.3%
RF
Danny Tartabull
76.3%
RF
Danny Tartabull
76.3%
RF
Danny Tartabull
76.3%
DH
Danny Tartabull
76.3%
Catcher
Mike Macfarlane
72.9%
Catcher
Mike Macfarlane
72.9%
Catcher
Mike Macfarlane
72.9%
Catcher
Mike Macfarlane
72.9%
Catcher
Mike Macfarlane
72.9%
Catcher
Mike Macfarlane
72.9%
CF
Jarrod Dyson
72.9%
CF
Jarrod Dyson
72.9%
2B
Omar Infante
71.2%
2B
Omar Infante
71.2%
3B
Joe Randa
71.2%
3B
Joe Randa
71.2%
3B
Joe Randa
71.2%
3B
Joe Randa
71.2%
3B
Joe Randa
71.2%
3B
Joe Randa
71.2%
3B
Joe Randa
71.2%
3B
Gary Gaetti
70.6%
3B
Gary Gaetti
70.6%
3B
Gary Gaetti
70.6%
DH
Chili Davis
69.5%
Catcher
Brayan Pena
68.4%
SS
Tony Pena, Jr.
68.4%
SS
Tony Pena, Jr.
68.4%
Catcher
Jim Sundberg
66.7%
Catcher
Jim Sundberg
66.7%
Catcher
John Buck
66.1%
Catcher
John Buck
66.1%
Catcher
John Buck
66.1%
Catcher
John Buck
66.1%
Catcher
John Buck
66.1%
Catcher
Bob Boone
65.5%
3B
Dean Palmer
65%
LF
Dee Brown
65%
LF
Dee Brown
65%
LF
Emil Brown
65%
LF
Emil Brown
65%
RF
Emil Brown
65%
1B
Jeff King
63.3%
1B
Jeff King
63.3%
1B
Wally Joyner
62.1%
1B
Wally Joyner
62.1%
1B
Wally Joyner
62.1%
1B
Wally Joyner
62.1%
SS
Greg Gagne
62.1%
SS
Greg Gagne
62.1%
SS
Greg Gagne
62.1%
SS
Angel Berroa
62.1%
SS
Angel Berroa
62.1%
SS
Angel Berroa
62.1%
SS
Angel Berroa
62.1%
RF
Jose Guillen
62.1%
DH
Jose Guillen
62.1%
Catcher
Brent Mayne
61.6%
Catcher
Brent Mayne
61.6%
Catcher
Brent Mayne
61.6%
Catcher
Brent Mayne
61.6%
SS
Jay Bell
61%
SS
Rey Sanchez
61%
SS
Rey Sanchez
61%
SS
Rey Sanchez
61%
RF
Jeff Francoeur
60.5%
RF
Jeff Francoeur
60.5%
LF
David DeJesus
59.9%
LF
David DeJesus
59.9%
CF
David DeJesus
59.9%
CF
David DeJesus
59.9%
CF
David DeJesus
59.9%
RF
David DeJesus
59.9%
CF
Melky Cabrera
58.2%
RF
Alex Rios
58.2%
2B
Mark Grudzielanek
57.6%
2B
Mark Grudzielanek
57.6%
2B
Mark Grudzielanek
57.6%
DH
Bob Hamelin
57.6%
DH
Bob Hamelin
57.6%
1B
Jose Offerman
56.5%
2B
Jose Offerman
56.5%
2B
Jose Offerman
56.5%
LF
Darryl Motley
56.5%
RF
Darryl Motley
56.5%
Position
Player
% Correct
RF
Darryl Motley
56.5%
2B
Keith Miller
55.9%
2B
Carlos Febles
55.9%
2B
Carlos Febles
55.9%
2B
Carlos Febles
55.9%
2B
Carlos Febles
55.9%
2B
Whit Merrifield
55.9%
3B
Mark Teahen
55.4%
3B
Mark Teahen
55.4%
3B
Mark Teahen
55.4%
SS
Onix Concepcion
55.4%
SS
Onix Concepcion
55.4%
SS
Yuniesky Betancourt
55.4%
SS
Yuniesky Betancourt
55.4%
RF
Mark Teahen
55.4%
RF
Mark Teahen
55.4%
LF
Raul Ibanez
54.8%
2B
Chris Getz
52.5%
2B
Chris Getz
52.5%
2B
Chris Getz
52.5%
RF
Nori Aoki
52.5%
Catcher
Jamie Quirk
52%
Catcher
Jamie Quirk
52%
Catcher
Jason Kendall
52%
2B
Jose Lind
50.8%
2B
Jose Lind
50.8%
3B
Gregg Jefferies
50.8%
SS
Kurt Stillwell
50.8%
SS
Kurt Stillwell
50.8%
SS
Kurt Stillwell
50.8%
SS
Kurt Stillwell
50.8%
LF
Tom Goodwin
50.8%
CF
Tom Goodwin
50.8%
CF
Tom Goodwin
50.8%
LF
Kevin McReynolds
49.7%
LF
Kevin McReynolds
49.7%
1B
Ken Harvey
49.2%
1B
Ken Harvey
49.2%
Catcher
Miguel Olivo
48.6%
RF
Reggie Sanders
48.6%
DH
Jorge Orta
48%
LF
Vince Coleman
47.5%
LF
Vince Coleman
47.5%
SS
Mendy Lopez
46.3%
LF
Bip Roberts
46.3%
RF
Michael Tucker
46.3%
RF
Michael Tucker
46.3%
1B
Matt Stairs
45.8%
RF
Pat Sheridan
45.8%
RF
Matt Stairs
45.8%
RF
Paulo Orlando
45.8%
3B
Cheslor Cuthbert
45.2%
RF
Felix Jose
44.6%
RF
Felix Jose
44.6%
Catcher
Don Slaught
43.5%
2B
Terry Shumpert
43.5%
LF
Kirk Gibson
43.5%
LF
Mark Quinn
43.5%
DH
Mark Quinn
43.5%
LF
Chuck Knoblauch
42.4%
1B
Ross Gload
41.8%
1B
Ross Gload
41.8%
2B
Mike Aviles
41.8%
SS
Angel Salazar
41.2%
SS
Angel Salazar
41.2%
SS
David Howard
41.2%
SS
David Howard
41.2%
LF
Jim Eisenreich
41.2%
RF
Jim Eisenreich
41.2%
CF
Joey Gathright
40.7%
CF
Joey Gathright
40.7%
3B
Craig Paquette
40.1%
LF
Scott Podsednik
40.1%
2B
Keith Lockhart
39%
2B
Keith Lockhart
39%
Catcher
Gregg Zaun
38.4%
DH
Gerald Perry
38.4%
3B
Greg Pryor
37.9%
Catcher
Hector Ortiz
37.3%
1B
Doug Mientkiewicz
37.3%
RF
Aaron Guiel
37.3%
3B
Bill Pecota
36.2%
CF
Mitch Maier
36.2%
CF
Mitch Maier
36.2%
DH
Bill Buckner
36.2%
DH
Mike Jacobs
36.2%
1B
Todd Benzinger
34.5%
2B
Alberto Callaspo
34.5%
3B
Alberto Callaspo
34.5%
2B
Desi Relaford
33.3%
LF
Terrence Long
33.3%
RF
Jon Nunnally
33.3%
DH
Joe Vitiello
33.3%
Catcher
Chad Kreuter
32.8%
2B
Ruben Gotay
30.5%
LF
Jeff Conine
29.9%
2B
Tony Graffanino
28.8%
DH
Terry Pendleton
27.7%
RF
David Lough
26%
Quiz Playlist
Details
Report
Send in Message
Add To Playlist
More Info:
This game differs from others, in that it counts games played by position, not games started.
Classic:
Type in answers that appear in a list
Quiz Source
Last Updated: May 7, 2017
Quiz Scoreboard
CHALLENGE
Sign Up to Join the Scoreboard
Show All
Scores
Hide
Comments
May contain spoilers
Recently Published
Image Sorting: Flags VI
by Barbecue
Geography
2m
Find the 'City' Movie
by crazypaving
Movies
60s
5x2 Blitz: Bands
by SL_Kpop136
Music
30s
More to Explore
Quiz From the Vault
Featured Blog Post
14 Easter Pick-up Lines to Find Eggs With
hide this ad
You Might Also Like...
Tags
City Quiz
Between
Kansas City
Player
position
Royal
Today's Top Quizzes in Sports
Browse Sports
hide this ad
Today's Top Quizzes in City
Browse City
Top Contributed Quizzes in Sports
1
Les meilleurs buteurs des matchs entre le PSG et l’OM
2
Les entraîneurs de l'OM et du PSG au 21e siècle
3
Les joueurs passés par le PSG et l'OM
4
2022 World Cup Stars
5
Players with Multiple 50 Home Run Seasons
6
Criteria MLB: Left Handed Sluggers
7
MLB Players with Two .350 Batting Average Seasons
8
Les joueurs passés par le LOSC et le RC Lens
9
NBA Logic Puzzle 2.0
10
Top 10 NHL Goal Scorers of All Time
Explore More
Trending Topics
Harry Potter
Marvel
Disney
Anime
Crossword
NBA
Kpop
Puzzle
NFL
Pokémon
WWE
The Office
Country
Soccer
Song
hide this ad
More By:
CLCRev
Quiz
Plays
Rating
Category
Featured
Created
Detroit Tigers Opening Day Starting Pitchers
12,259
4.45
Sports
May 30, 2017
Hairband Hits: '83-'93
2,807
4.81
Music
Mar 3, 2016
New York Yankees Position Players 1985-2017
686
4.80
Sports
Oct 2, 2017
Pittsburgh Pirates Position Players 1981-2017
632
5.00
Sports
Oct 3, 2017
New York Yankees Position Players 1984-2016
556
5.00
Sports
Apr 19, 2017
Go to Creator's Profile
Score Distribution
Quiz Creator Spotlight
CLCRev
Follow
Send a Message
Quizzes Created
-
Created Quiz Play Count
-
More By This Creator
Popular Quizzes Today
1
Colored Red Africa Blitz
2
Find the US States - No Outlines Minefield
3
Find the 'City' Movie
4
5x2 Blitz: Bands
5
The Countries of the World
6
Find the US States
7
Find the Countries of Europe - No Outlines Minefield
8
US States
More Sports Quizzes
Premier League XIs (2009-10)
Quiz Lab
Trending Quizzes
Colored Red Europe Blitz I
Colored Red Europe Blitz II
Colored Red Africa Blitz II
Colored Red Europe Blitz III
Colored Red Africa Blitz III
Recently Updated
How Do You Spell That?
pecheneg
Godzilla Movies
pecheneg
Grab Bag: 4-10 Letters
pecheneg
2024 March Madness Bracket
pecheneg
Famous TV Couples
Peacemaker
Champions League XIs: Real Madrid
pecheneg
Largest US Cities 1790-2010
pecheneg
Rides in Walt Disney World
pecheneg
Most Oscar Losses (Acting)
pecheneg
Beyoncé Albums
pecheneg
Trending Topics
Kpop
Crossword
Anime
Marvel
Harry Potter
NBA
Disney
Song
Puzzle
Country
Soccer
WWE
NFL
Pokémon
The Office
Your Account Isn't Verified!
In order to create a playlist on Sporcle, you need to verify the email address you used during registration. Go to your
Sporcle Settings
to finish the process.
Report this User
Report this user for behavior that violates our
Community Guidelines
.
Details:
Send Report
Go to the Sporcle.com Mobile Site →
Comments